000
00303nam a2200133Ia 4500
008
230917s9999||||xx |||||||||||||| ||und||
040
_e
24928
_a
MAIN
041
_a
English
082
_a
330.1, S72P
100
_a
Sundharam, K P M
245
0
_a
Principles of economics
260
_c
1976
942
_c
BK
999
_c
231797
_d
231797